Statystyki dla Stolice Regionów - Kanada

Kliknij tutaj aby rozwiązać quiz!

Ogólne statystyki

  • Ten quiz został rozwiązany 94 razy
  • Średni wynik to 6 z 13

Statystyki odpowiedzi

RegionStolica% Poprawnych
OntarioToronto
88%
QuebecQuebec
81%
AlbertaEdmonton
54%
ManitobaWinnipeg
54%
Nowa SzkocjaHalifax
42%
Kolumbia BrytyjskaVictoria
40%
SaskatchewanRegina
38%
JukonWhitehorse
38%
Terytoria Północno-ZachodnieYellowknife
35%
NunavutIqaluit
27%
Wyspa Księcia EdwardaCharlottetown
25%
Nowa Fundlandia i LabradorSt. John's
25%
Nowy BrunszwikFredericton
19%

Rozkład punktacji

Percentyl według liczby udzielonych odpowiedzi

Procent ludzi z każdym wynikiem

Twoja historia wyników

Nie rozwiązałeś tego quizu